000 00632nam a2200205 i 4500
001 37087
003 ES-MaACL
005 20250804062733.0
007 t|
008 030220s1940 sp ||||1| spa d
100 1 _aBrumer, August.
_932131
245 1 0 _aIdeario filosófico /
_cAugust Brumer ; traducción del alemán por Joaquín Iriarte.
250 _a2ª ed. española.
260 _aMadrid :
_bSucesores de Rivadeneyra,
_c1940.
300 _a295 p. ;
_c22 cm.
650 0 7 _aFilosofía
_2embne
_912802
700 1 _aIriarte, Joaquín (
_d1894-1970)
_965437
852 _aES-MaACL
_jA-5304
_bR.18316
999 _c37087
_d37087